| 000 | 00387nam a2200169Ia 4500 | ||
|---|---|---|---|
| 008 | 210210b1956 xxu||||| |||| 00| 0 eng d | ||
| 041 | _aeng | ||
| 082 | _a825/355 | ||
| 100 | _aGITTINGS (R) | ||
| 245 | _aMask of keats | ||
| 260 |
_aMelbourne _bWilliam Heinemann Ltd. _c1956 |
||
| 650 | _aof | ||
| 650 | _aMask | ||
| 650 | _akeats | ||
| 690 | _aEnglish Criticism | ||
| 906 | _a014671 | ||
| 999 |
_c133886 _d133886 |
||